LEADER 01393nam0 2200289 450 001 000042584 005 20161207140844.0 100 $a20161013d2015----km-y0itay50------ba 101 0 $aeng 102 $aIT 105 $aa---m-------- 200 1 $aRemoval of pharmaceuticals and pesticides from liquid phase using advance oxidation processes (AOP's)$bTesi di dottorato$fdottorando: Samer Khalaf$gcoordinatore: Sabino A. Bufo$gtutor: Sabino A. Bufo$gco-tutor: Rafik Karaman, Laura Scrano 210 $a[Potenza]$d[2015] 215 $a821 p.$cill.$d30 cm. 328 1$aTesi di dottorato: Università della Basilicata, Dottorato di ricerca in Bioecosystems and biotechnology, XXVIII ciclo, A.a. 2014-2015 676 $a668.65$v(22. ed.)$9Sostanze chimiche agrarie. Pesticidi 686 $aAGR/13$cChimica agraria 700 1$aKhalaf,$bSamer$0758373 801 0$aIT$bUniversità della Basilicata - B.I.A.$gREICAT$2unimarc 912 $a000042584 996 $aRemoval of pharmaceuticals and pesticides from liquid phase using advance oxidation processes (AOP's)$91531630 997 $aUNIBAS CAT $aSTD112$b01$c20161013$lBAS01$h1045 CAT $aSTD112$b01$c20161013$lBAS01$h1123 CAT $aTTM$b30$c20161207$lBAS01$h1408 FMT Z30 -1$lBAS01$LBAS01$mBOOK$1BASA2$APolo Tecnico-Scientifico$2TDO$BTesi di Dottorato$3TDA.28c.KS1$642584-10$54258410$820161013$f98$FConsultazione LEADER 02430nam 22006134a 450 001 9910451513903321 005 20200520144314.0 010 $a0-8078-7692-5 035 $a(CKB)1000000000462074 035 $a(EBL)413349 035 $a(OCoLC)476237065 035 $a(SSID)ssj0000208226 035 $a(PQKBManifestationID)11189132 035 $a(PQKBTitleCode)TC0000208226 035 $a(PQKBWorkID)10240008 035 $a(PQKB)11529858 035 $a(MiAaPQ)EBC413349 035 $a(Au-PeEL)EBL413349 035 $a(CaPaEBR)ebr10273437 035 $a(CaONFJC)MIL929290 035 $a(EXLCZ)991000000000462074 100 $a20050301d2005 ub 0 101 0 $aeng 135 $aur|n|---||||| 181 $ctxt 182 $cc 183 $acr 200 10$aNation & citizen in the Dominican Republic, 1880-1916$b[electronic resource] /$fTeresita Marti?nez-Vergne 210 $aChapel Hill $cUniversity of North Carolina Press$dc2005 215 $a1 online resource (256 p.) 300 $aDescription based upon print version of record. 311 $a0-8078-5636-3 311 $a0-8078-2976-5 320 $aIncludes bibliographical references (p. [173]-222) and index. 327 $aThe national project -- The city as the site of citizenship -- Race in the formation of nationality -- Representing bourgeois womanhood -- Working people in the city -- Claiming citizenship from below. 330 $aCombining intellectual and social history, this book explores the processes by which people in the Dominican Republic began to hammer out a common sense of purpose and a modern national identity, at the end of the nineteenth and beginning of the twentieth centuries. 606 $aNationalism$zDominican Republic$xHistory 606 $aNational characteristics, Dominican 606 $aCitizenship$zDominican Republic 607 $aDominican Republic$xIntellectual life 607 $aDominican Republic$xPolitics and government$y1844-1930 608 $aElectronic books. 615 0$aNationalism$xHistory. 615 0$aNational characteristics, Dominican. 615 0$aCitizenship 676 $a972.93/04 700 $aMarti?nez Vergne$b Teresita$0933480 801 0$bMiAaPQ 801 1$bMiAaPQ 801 2$bMiAaPQ 906 $aBOOK 912 $a9910451513903321 996 $aNation & citizen in the Dominican Republic, 1880-1916$92101417 997 $aUNINA